[Event "LSS BI-2007-F-00009"]
[Site "LSS email"]
[Date "2008.02.15"]
[Round "?"]
[White "Iacobitz, Lucian Valentin"]
[Black "Rosado, Alfonso"]
[Result "1-0"]
[WhiteElo "1487"]
[BlackElo "1365"]
[PlyCount "41"]
[EventDate "2008.02.15"]
[EventType "tourn (corr)"]
[EventRounds "10"]
[EventCountry "GER"]
[SourceTitle "Corr 2022"]
[Source "ChessBase"]
[SourceDate "2021.10.24"]
[SourceVersion "1"]
[SourceVersionDate "2021.10.24"]
[SourceQuality "1"]

1. e4 e6 2. d4 d5 3. Nc3 Nf6 4. Bg5 Be7 5. e5 Nfd7 6. Bxe7 Qxe7 7. f4 0-0 8. Nf3 c5 9. Qd2 Nc6 10. 0-0-0 c4 11. Nb5 a6 12. Nd6 b5 13. h4 b4 14. h5 a5 15. g4 f6 16. Nh4 c3 17. Qe3 fxe5 18. fxe5 b3 19. cxb3 c2 20. Kxc2 a4 21. Ng6 1-0

[Event "LSS BI-2007-F-00009"]
[Site "LSS email"]
[Date "2008.02.15"]
[Round "?"]
[White "Rosado, Alfonso"]
[Black "Pehl, Jozsef"]
[Result "1-0"]
[WhiteElo "1365"]
[BlackElo "1496"]
[PlyCount "63"]
[EventDate "2008.02.15"]
[EventType "tourn (corr)"]
[EventRounds "10"]
[EventCountry "GER"]
[SourceTitle "Corr 2022"]
[Source "ChessBase"]
[SourceDate "2021.10.24"]
[SourceVersion "1"]
[SourceVersionDate "2021.10.24"]
[SourceQuality "1"]

1. d4 d5 2. c4 dxc4 3. e4 e5 4. Nf3 Bb4+ 5. Bd2 Bxd2+ 6. Nbxd2 exd4 7. Bxc4 Nc6 8. 0-0 Be6 9. Bxe6 fxe6 10. e5 Qd5 11. Re1 Nge7 12. Ng5 h6 13. Qh5+ g6 14. Qh3 Nf5 15. Rac1 Qxa2 16. Nc4 Ke7 17. Ne4 Rad8 18. g4 Ng7 19. Red1 Qa4 20. Rd3 a6 21. Ra3 Qb5 22. Rb3 Nb4 23. f4 Qd5 24. Ncd2 Qa5 25. Qh4+ g5 26. fxg5 Kd7 27. Nc4 Qb5 28. gxh6 Ne8 29. Ncd6 cxd6 30. exd6 Nc6 31. Rxb5 axb5 32. Qg5 1-0

[Event "LSS OP-2007-0-00384"]
[Site "LSS email"]
[Date "2007.10.12"]
[Round "?"]
[White "Rosado, Alfonso"]
[Black "Nemeth, Laszlo"]
[Result "1-0"]
[WhiteElo "1288"]
[BlackElo "1415"]
[PlyCount "105"]
[EventDate "2007.10.11"]
[EventType "tourn (corr)"]
[EventRounds "4"]
[EventCountry "GER"]
[SourceTitle "Corr 2022"]
[Source "ChessBase"]
[SourceDate "2021.10.24"]
[SourceVersion "1"]
[SourceVersionDate "2021.10.24"]
[SourceQuality "1"]

1. d4 Nf6 2. c4 g6 3. Nc3 d5 4. cxd5 Nxd5 5. e4 Nxc3 6. bxc3 Bg7 7. Bc4 0-0 8. Ne2 Nc6 9. 0-0 e5 10. d5 Na5 11. Bd3 c6 12. c4 b5 13. cxb5 cxd5 14. Nc3 d4 15. Nd5 Bb7 16. Ba3 Re8 17. Nb4 Rc8 18. Rc1 Rc3 19. Rxc3 dxc3 20. Nc2 Bf8 21. Bxf8 Rxf8 22. Ne3 Qd4 23. Qc2 Rd8 24. Rd1 Qb4 25. Be2 Rd4 26. f3 Kg7 27. Kf2 Kf6 28. Rc1 Rd2 29. Qxc3 Qxc3 30. Rxc3 Rxa2 31. Nc4 Nxc4 32. Rxc4 a6 33. Rc7 Bxe4 34. fxe4 axb5 35. Rb7 Ra4 36. Rb6+ Kg5 37. Rxb5 Rxe4 38. Bf3 Rh4 39. Rxe5+ Kh6 40. Re4 Rxe4 41. Bxe4 f5 42. Bc2 Kg7 43. h4 Kf6 44. Kg3 Ke5 45. h5 g5 46. h6 Kf6 47. Kf3 Kg6 48. g3 Kxh6 49. Bxf5 Kg7 50. Kg4 h6 51. Kh5 Kf6 52. g4 Kg7 53. Bc2 1-0

[Event "ZL-2007-0-00218"]
[Site "LSS email"]
[Date "2007.07.18"]
[Round "?"]
[White "Jovanovic, Bratislav M"]
[Black "Rosado, Alfonso"]
[Result "0-1"]
[WhiteElo "1191"]
[BlackElo "1251"]
[PlyCount "21"]
[EventDate "2007.07.16"]
[EventType "match (corr)"]
[EventRounds "2"]
[EventCountry "GER"]
[SourceTitle "Corr 2022"]
[Source "ChessBase"]
[SourceDate "2021.10.24"]
[SourceVersion "1"]
[SourceVersionDate "2021.10.24"]
[SourceQuality "1"]

1. e4 e5 2. Bc4 Nf6 3. d3 c6 4. Nc3 Be7 5. f4 exf4 6. Bxf4 d5 7. exd5 cxd5 8. Bb5+ Nc6 9. a3 0-0 10. Nf3 d4 11. Ne2 0-1

[Event "LSS BI-2007-P-00012"]
[Site "LSS email"]
[Date "2007.04.23"]
[Round "?"]
[White "Rahde, Frank"]
[Black "Rosado, Alfonso"]
[Result "1-0"]
[WhiteElo "2139"]
[BlackElo "1220"]
[PlyCount "49"]
[EventDate "2007.04.23"]
[EventType "tourn (corr)"]
[EventRounds "10"]
[EventCountry "GER"]
[SourceTitle "Corr 2022"]
[Source "ChessBase"]
[SourceDate "2021.10.24"]
[SourceVersion "1"]
[SourceVersionDate "2021.10.24"]
[SourceQuality "1"]

1. e4 e6 2. d4 d5 3. Nd2 c5 4. Ngf3 Nc6 5. Bb5 cxd4 6. Nxd4 Bd7 7. Nxc6 Bxc6 8. Bxc6+ bxc6 9. c4 Bc5 10. Qa4 Ne7 11. exd5 exd5 12. 0-0 0-0 13. Nb3 Bb6 14. c5 Bc7 15. Re1 Re8 16. Bd2 Qd7 17. Nd4 Rab8 18. b4 Kh8 19. f4 Rec8 20. Qa6 Bd8 21. Rac1 Ng8 22. b5 cxb5 23. c6 Qd6 24. Nxb5 Qh6 25. Kh1 1-0

[Event "LSS BI-2007-P-00012"]
[Site "LSS email"]
[Date "2007.04.23"]
[Round "?"]
[White "Schloegl, Dietrich"]
[Black "Rosado, Alfonso"]
[Result "1/2-1/2"]
[WhiteElo "1800"]
[BlackElo "1220"]
[PlyCount "46"]
[EventDate "2007.04.23"]
[EventType "tourn (corr)"]
[EventRounds "10"]
[EventCountry "GER"]
[SourceTitle "Corr 2022"]
[Source "ChessBase"]
[SourceDate "2021.10.24"]
[SourceVersion "1"]
[SourceVersionDate "2021.10.24"]
[SourceQuality "1"]

1. e4 e6 2. d4 d5 3. Nc3 Bb4 4. e5 c5 5. a3 Bxc3+ 6. bxc3 Ne7 7. Qg4 Nf5 8. Bd3 h5 9. Qf4 Qh4 10. Qxh4 Nxh4 11. Bg5 Nf5 12. Ne2 Nc6 13. 0-0 cxd4 14. Bxf5 exf5 15. cxd4 Be6 16. Rfd1 Na5 17. Rab1 b6 18. Rd3 Rc8 19. Rc1 Kd7 20. Ng3 Rc7 21. h4 g6 22. Ne2 Rhc8 23. c3 Rc4 1/2-1/2

[Event "IECG SL.2007.0.00069 email"]
[Site "IECG email"]
[Date "2007.03.05"]
[Round "?"]
[White "Ghisi, Stefano"]
[Black "Rosado, Alfonso"]
[Result "1-0"]
[WhiteElo "1514"]
[BlackElo "1244"]
[PlyCount "49"]
[EventDate "2007.02.28"]
[EventType "tourn (corr)"]
[EventRounds "6"]
[SourceTitle "Corr 2022"]
[Source "ChessBase"]
[SourceDate "2021.10.24"]
[SourceVersion "1"]
[SourceVersionDate "2021.10.24"]
[SourceQuality "1"]

1. e4 e6 2. d4 d5 3. Nc3 Nf6 4. e5 Nfd7 5. Qh5 c5 6. Nf3 Be7 7. dxc5 Nc6 8. Be3 a6 9. Qg4 Kf8 10. Qf4 Qc7 11. Na4 Rb8 12. 0-0-0 Qa5 13. Bd2 Qc7 14. Bd3 Ncxe5 15. Nxe5 Nxe5 16. Kb1 Bd8 17. Rde1 f6 18. Be2 Qc6 19. Nb6 Bxb6 20. cxb6 Qxb6 21. Bc3 Nd7 22. Bh5 Qc6 23. Rxe6 Qxe6 24. Re1 Qxe1+ 25. Bxe1 1-0

[Event "IECG SL.2007.0.00069 email"]
[Site "IECG email"]
[Date "2007.03.04"]
[Round "?"]
[White "Rosado, Alfonso"]
[Black "Livelo, Joey"]
[Result "1-0"]
[WhiteElo "1244"]
[BlackElo "1037"]
[PlyCount "41"]
[EventDate "2007.02.28"]
[EventType "tourn (corr)"]
[EventRounds "6"]
[SourceTitle "Corr 2022"]
[Source "ChessBase"]
[SourceDate "2021.10.24"]
[SourceVersion "1"]
[SourceVersionDate "2021.10.24"]
[SourceQuality "1"]

1. d4 Nf6 2. c4 d5 3. cxd5 Nxd5 4. e4 Nf6 5. Nc3 e6 6. Nf3 c5 7. d5 exd5 8. e5 d4 9. exf6 dxc3 10. Bg5 Qxd1+ 11. Rxd1 Bd7 12. Ne5 h6 13. Bb5 hxg5 14. Nxd7 Nxd7 15. Rxd7 gxf6 16. Rxb7+ Kd8 17. bxc3 a6 18. Ba4 Rh7 19. 0-0 Bd6 20. Rd7+ Kc8 21. Rxd6 1-0

[Event "LSS OP-2006-0-00183"]
[Site "LSS email"]
[Date "2006.11.02"]
[Round "?"]
[White "Rosado, Alfonso"]
[Black "Schere, Sebastian"]
[Result "1-0"]
[WhiteElo "800"]
[BlackElo "867"]
[PlyCount "45"]
[EventDate "2006.11.02"]
[EventType "tourn (corr)"]
[EventRounds "4"]
[EventCountry "GER"]
[SourceTitle "Corr 2022"]
[Source "ChessBase"]
[SourceDate "2021.10.24"]
[SourceVersion "1"]
[SourceVersionDate "2021.10.24"]
[SourceQuality "1"]

1. d4 Nf6 2. c4 g6 3. Nc3 Bg7 4. e4 d6 5. Nf3 0-0 6. Be2 e5 7. 0-0 Nc6 8. d5 Ne7 9. Nd2 a5 10. a3 Nd7 11. Rb1 Nc5 12. b4 axb4 13. axb4 Na6 14. c5 f5 15. Ra1 Bd7 16. c6 Bc8 17. b5 f4 18. cxb7 Bxb7 19. bxa6 Bc8 20. Bb2 c6 21. dxc6 Nxc6 22. Qb3+ Kh8 23. Qd5 1-0

[Event "IECG SN.2006.0.00006"]
[Site "IECG email"]
[Date "2006.09.28"]
[Round "?"]
[White "Rosado, Alfonso"]
[Black "Schoenbuchner, Gertraud"]
[Result "1-0"]
[WhiteElo "800"]
[BlackElo "794"]
[PlyCount "83"]
[EventDate "2006.09.05"]
[EventType "tourn (corr)"]
[EventRounds "6"]
[SourceTitle "Corr 2022"]
[Source "ChessBase"]
[SourceDate "2021.10.24"]
[SourceVersion "1"]
[SourceVersionDate "2021.10.24"]
[SourceQuality "1"]

1. d4 d5 2. c4 e6 3. Nc3 Nf6 4. Nf3 Nc6 5. Bg5 Be7 6. e3 Bd7 7. Bxf6 Bxf6 8. cxd5 exd5 9. Nxd5 Bg4 10. Nxf6+ Qxf6 11. Be2 0-0-0 12. a3 h5 13. Rc1 h4 14. h3 Bh5 15. 0-0 g5 16. Nd2 Bg6 17. Bf3 Ne7 18. Qb3 Qb6 19. Qxb6 axb6 20. Nc4 Kb8 21. Ne5 f6 22. Nxg6 Nxg6 23. Rc4 Ne7 24. Rfc1 Rd7 25. a4 Rc8 26. b4 c6 27. b5 Rd6 28. bxc6 bxc6 29. a5 bxa5 30. Ra4 Kc7 31. Rxa5 Kd7 32. Bg4+ f5 33. Rxf5 Nxf5 34. Bxf5+ Kd8 35. Bxc8 Kxc8 36. Rc5 Rg6 37. d5 Kd7 38. dxc6+ Rxc6 39. Rxg5 Ke6 40. Rg6+ Kd5 41. Rxc6 Kxc6 42. e4 1-0